000
00267nam a2200097Ia 4500
008
241105s9999 xx 000 0 und d
041
_a
eng
100
_a
Thokal Rupali
_9
183194
245
_a
Mapping The Night Light Pollution, Pune
260
_b
BNCA M Arch EA, Pune
_c
2017
999
_c
361489
_d
361489